Statistics for Tallest Building in each State Quiz

Click here to take the quiz!

General Stats

  • This quiz has been taken 4 times
  • The average score is 3 of 50

Answer Stats

StateAnswer% Correct
IllinoisWillis Tower
75%
ArizonaChase Tower
50%
New YorkOne World Trade Center
50%
Massachusetts200 Clarendon
25%
PennsylvaniaComcast Technology Center
25%
VermontDecker Towers
25%
ColoradoRepublic Plaza
25%
MarylandTransamerica Tower
25%
Rhode Island111 Westminster Street
0%
New Jersey30 Hudson Street
0%
Kentucky400 West Market
0%
Iowa801 Grand
0%
MaineAgora Grand Event Center
0%
New MexicoAlbuquerque Plaza
0%
TennesseeAT&T Building
0%
North CarolinaBank of America Corporate Center
0%
GeorgiaBank of America Plaza
0%
MississippiBeau Rivage Casino Hotel
0%
South CarolinaCapitol Center
0%
South DakotaCenturyLink Tower
0%
New HampshireCity Hall Plaza
0%
ConnecticutCity Place
0%
WashingtonColumbia Center
0%
AlaskaConoco-Phillipps Tower
0%
OklahomaDevon Tower
0%
KansasEpic Center
0%
HawaiiFirst Hawaiian Center
0%
MontanaFirst Interstate Center
0%
NebraskaFirst National Bank Tower
0%
MinnesotaIDS Center
0%
TexasJPMorgan Chase Tower
0%
OhioKey Tower
0%
North DakotaNorth Dakota State Capitol
0%
MissouriOne Kansas City Place
0%
LouisianaOne Shell Square
0%
FloridaPanorama Tower
0%
MichiganRenaissance Center
0%
DelawareRiver Tower
0%
AlabamaRSA Battle House Tower
0%
IndianaSalesforce Tower
0%
ArkansasSimmons Tower
0%
NevadaThe Palazzo
0%
VirginiaThe Westin Virginia Beach Town Center
0%
WisconsinUS Bank Center
0%
OregonWells Fargo Center
0%
UtahWells Fargo Center
0%
West VirginiaWest Virginia State Capitol
0%
CaliforniaWilshire Grand Center
0%
WyomingWyoming Financial Center
0%
IdahoZion's Bank Building
0%

Score Distribution

Percentile by Number Answered

Percent of People with Each Score

Your Score History

You have not taken this quiz